| 000 | 00514nam a22001697a 4500 | ||
|---|---|---|---|
| 003 | OSt | ||
| 005 | 20140310182337.0 | ||
| 008 | 130925t xxu||||| |||| 00| 0 eng d | ||
| 050 |
_aBS 539 _b.Sn675 1990 |
||
| 082 |
_aGS 220.02 _bSn92 1990 |
||
| 100 |
_aSynder, Bernadette McCarver _921607 |
||
| 245 |
_a150 fun facts found in the bible/ _cSynder, Bernadette McCarver |
||
| 260 |
_aPasay City, Philippines : _bDaughters of St. Paul, _cc1990. |
||
| 300 |
_a142 p. _c22 cm. |
||
| 942 |
_2lcc _cBK-GS |
||
| 999 |
_c12076 _d12076 |
||